[Event "Beth Harmon is nomraH hteB spelled backwards"]
[Site "SchemingMind.com"]
[Date "2021.01.29"]
[Round "-"]
[White "Servelión Graterol Hernández"]
[Black "Daniel Dubé"]
[Result "1-0"]
[WhiteCountry "VEN"]
[BlackCountry "CAN"]
[WhiteElo "2486"]
[WhiteRD "93"]
[BlackElo "1625"]
[BlackRD "59"]
[GameID "707529"]

1. d4 Nf6 2. Bg5 Ne4 3. Bf4 c5 4. f3 Nf6 5. dxc5 Qa5+ 6. Qd2 Qxc5 7. Nc3 e5 8. Bg3 d6 9. e4 Be7 10. Bf2 Qa5
11. g4 O-O 12. O-O-O Be6 13. Kb1 Rc8 14. Nge2 Nc6 15. h4 Nb4 16. a3 Nc6 17. Nd5 Bxd5 18. exd5 Nd8 19. Qxa5 b6 20. Qa4
1-0

[Event "Beth Harmon is nomraH hteB spelled backwards"]
[Site "SchemingMind.com"]
[Date "2021.01.30"]
[Round "-"]
[White "Steven DuCharme"]
[Black "The Stonewall"]
[Result "0-1"]
[WhiteCountry "USA"]
[BlackCountry "ENG"]
[WhiteElo "1571"]
[WhiteRD "55"]
[BlackElo "2508"]
[BlackRD "75"]
[GameID "707543"]

1. c4 c6 2. g3 f5 3. Bg2 Nf6 4. Nf3 d6 5. O-O g6 6. b3 Bg7 7. Bb2 O-O 8. d3 e5 9. Nbd2 Na6 10. a3 Qe7
11. b4 e4 12. dxe4 fxe4 13. Ng5 e3 14. Nde4 Nxe4 15. Bxg7 exf2+ 16. Kh1 Nxg3+ 17. hxg3 Qxg5 18. e4 Qxg3 19. Rxf2 Rxf2 20. Bf6 Qxg2#
0-1

[Event "Beth Harmon is nomraH hteB spelled backwards"]
[Site "SchemingMind.com"]
[Date "2021.02.02"]
[Round "-"]
[White "The Stonewall"]
[Black "Steven DuCharme"]
[Result "1-0"]
[WhiteCountry "ENG"]
[BlackCountry "USA"]
[WhiteElo "2508"]
[WhiteRD "75"]
[BlackElo "1571"]
[BlackRD "55"]
[GameID "707544"]

1. d4 Nf6 2. Nf3 c6 3. Bf4 d6 4. h3 g6 5. c4 Bg7 6. Nc3 O-O 7. e3 Nbd7 8. Be2 Re8 9. O-O Nf8 10. Rc1 Ne6
11. Bh2 b6 12. Qc2 Bb7 13. Rfd1 d5 14. Ne5 Rc8 15. Qa4 a6 16. Qb3 Ne4 17. Nxe4 Bxe5 18. dxe5 dxe4 19. Rxd8 Rexd8 20. Qxb6
1-0

[Event "Beth Harmon is nomraH hteB spelled backwards"]
[Site "SchemingMind.com"]
[Date "2021.01.29"]
[Round "-"]
[White "Kenny Elliott"]
[Black "The Stonewall"]
[Result "0-1"]
[WhiteCountry "USA"]
[BlackCountry "ENG"]
[WhiteElo "1585"]
[WhiteRD "58"]
[BlackElo "2508"]
[BlackRD "75"]
[GameID "707545"]

1. d4 Nf6 2. c4 c5 3. d5 g6 4. Nf3 Bg7 5. g3 O-O 6. Bg2 d6 7. Qb3 e6 8. dxe6 fxe6 9. Bg5 Nc6 10. O-O a6
11. Nc3 Na5 12. Qa4 Bd7 13. Qc2 Nxc4 14. Qd3 Nxb2 15. Qxd6 Qc8 16. Qb6 Nc4 17. Qb3 b5 18. Qc2 Nd5 19. Bd2 Nxd2 20. Nxd2 Nxc3
21. Bxa8 Nxe2+ 22. Kh1 Qxa8+ 23. f3 Bxa1 24. Ne4 Nd4 25. Qxc5 Nxf3 26. Qe3 Bd4
0-1

[Event "Beth Harmon is nomraH hteB spelled backwards"]
[Site "SchemingMind.com"]
[Date "2021.02.03"]
[Round "-"]
[White "The Stonewall"]
[Black "Kenny Elliott"]
[Result "1-0"]
[WhiteCountry "ENG"]
[BlackCountry "USA"]
[WhiteElo "2508"]
[WhiteRD "75"]
[BlackElo "1585"]
[BlackRD "58"]
[GameID "707546"]

1. c4 c5 2. Nc3 Nf6 3. g3 Nc6 4. Bg2 g6 5. e4 e5 6. Nge2 Bg7 7. O-O O-O 8. d3 d6 9. h3 Be6 10. f4 Qd7
11. g4 Nxg4 12. hxg4 Bxg4 13. Qe1 Bh3 14. f5 Bxg2 15. Kxg2 f6 16. Nd5 Nb4 17. Nxb4 cxb4 18. Qxb4 Rfb8 19. Nc3 Bf8 20. Nd5 Qg7
21. Rf3 g5 22. Rh3 Qf7 23. Be3 h5 24. Bxg5 fxg5 25. Rxh5 Qxh5 26. Nf6+ Kh8 27. Nxh5 d5 28. Qb5 dxc4 29. Qxe5+ Kg8 30. Qe6+ Kh8
31. Qg6
1-0

[Event "Beth Harmon is nomraH hteB spelled backwards"]
[Site "SchemingMind.com"]
[Date "2021.02.03"]
[Round "-"]
[White "The Stonewall"]
[Black "ramesse"]
[Result "1/2-1/2"]
[WhiteCountry "ENG"]
[BlackCountry "SVK"]
[WhiteElo "2497"]
[WhiteRD "78"]
[BlackElo "2441"]
[BlackRD "113"]
[GameID "707547"]

1. c4 e5 2. Nc3 Nf6 3. g3 Bb4 4. e4 d6 5. Bg2 Nc6 6. Nge2 Bc5 7. h3 h5 8. d3 h4 9. Bg5 hxg3 10. fxg3 Be6
11. g4 a5 12. Ng3 Rh7 13. Qd2 Nd4 14. Rf1 Kd7 15. O-O-O a4 16. Nce2 b5 17. Nxd4 Bxd4 18. Nf5 c5 19. Nxg7 Rxg7 20. Bxf6 Qb6
21. Bxg7 bxc4 22. dxc4 Bxc4 23. Qc2 Bxa2 24. Rd3 Bb3 25. Rxb3 axb3 26. Qc4 Kc8 27. Qxf7 Ra1+ 28. Kd2 Qa5+ 29. Ke2 Qa6+ 30. Kd2 Qa5+
31. Ke2 Qb5+ 32. Kd2 Qa5+
1/2-1/2

[Event "Beth Harmon is nomraH hteB spelled backwards"]
[Site "SchemingMind.com"]
[Date "2021.01.30"]
[Round "-"]
[White "ramesse"]
[Black "The Stonewall"]
[Result "1-0"]
[WhiteCountry "SVK"]
[BlackCountry "ENG"]
[WhiteElo "2506"]
[WhiteRD "101"]
[BlackElo "2442"]
[BlackRD "72"]
[GameID "707548"]

1. e4 e6 2. d4 d5 3. e5 c5 4. c3 Bd7 5. Nf3 a6 6. Bd3 cxd4 7. cxd4 Bb5 8. Bc2 Bb4+ 9. Bd2 a5 10. Nc3 Ba6
11. a3 Bxc3 12. bxc3 Ne7 13. Ng5 h6 14. Nh3 Nd7 15. Qg4 g6 16. Nf4 Nb6 17. Nd3 Nc4 18. h4 Nxd2 19. Kxd2 b6 20. Rab1 Rc8
21. Ba4+ Kf8 22. Nf4 Qc7 23. Qf3 Kg8 24. Bc2 Nc6 25. Rhc1 Rb8 26. a4 Ne7 27. g3 Rc8 28. Rb2 Rb8 29. Rcb1 Bc4 30. h5 g5
31. Ng2 Nc8 32. Qf6 Rb7 33. Ne3 Qe7 34. Nxc4 dxc4 35. Be4 Rd7 36. Rxb6 Nxb6 37. Rxb6 Qxf6 38. exf6 Rd8 39. g4 Kf8 40. Ra6
1-0

[Event "Beth Harmon is nomraH hteB spelled backwards"]
[Site "SchemingMind.com"]
[Date "2021.02.03"]
[Round "-"]
[White "The Stonewall"]
[Black "Michael Mollenhauer"]
[Result "1-0"]
[WhiteCountry "ENG"]
[BlackCountry "GER"]
[WhiteElo "2508"]
[WhiteRD "75"]
[BlackElo "1486"]
[BlackRD "98"]
[GameID "707549"]

1. e4 e5 2. Nf3 Nc6 3. Nc3 Nf6 4. Bb5 a6 5. Bxc6 dxc6 6. Nxe5 Bd6 7. Nf3 Bb4 8. d3 O-O 9. O-O Bxc3 10. bxc3 h6
11. h3 Re8 12. Bf4 Be6 13. Bg3 b5 14. Bh4 c5 15. e5
1-0

[Event "Beth Harmon is nomraH hteB spelled backwards"]
[Site "SchemingMind.com"]
[Date "2021.01.30"]
[Round "-"]
[White "Michael Mollenhauer"]
[Black "The Stonewall"]
[Result "0-1"]
[WhiteCountry "GER"]
[BlackCountry "ENG"]
[WhiteElo "1404"]
[WhiteRD "85"]
[BlackElo "2442"]
[BlackRD "72"]
[GameID "707550"]

1. e4 d5 2. exd5 Nf6 3. Nc3 Nxd5 4. d4 Nxc3 5. bxc3 g6 6. Nf3 Bg7 7. Be2 O-O 8. O-O Nd7 9. Re1 b6 10. Bf4 Bb7
11. Qd3 Rc8 12. a4 Nf6 13. Ne5 c5 14. dxc5 Nd5 15. g3 Rxc5 16. c4 Nxf4 17. Qxd8 Rxd8 18. gxf4 Bxe5 19. fxe5 Rxe5 20. Bd3 Rg5+
21. Kf1 e6 22. Rad1 Bf3 23. Rd2 e5 24. Re3 e4 25. Bxe4 Rxd2 26. Rxf3 Kg7 27. Ke1 Rd4 28. Bd3 Ra5 29. c3 Rh4 30. h3 Rxa4
0-1

[Event "Beth Harmon is nomraH hteB spelled backwards"]
[Site "SchemingMind.com"]
[Date "2021.02.03"]
[Round "-"]
[White "The Stonewall"]
[Black "Daniel Dubé"]
[Result "1-0"]
[WhiteCountry "ENG"]
[BlackCountry "CAN"]
[WhiteElo "2497"]
[WhiteRD "78"]
[BlackElo "1645"]
[BlackRD "59"]
[GameID "707551"]

1. d4 Nf6 2. Bg5 Ne4 3. Bf4 c5 4. f3 Qa5+ 5. c3 Nf6 6. d5 e6 7. e4 d6 8. dxe6 Bxe6 9. Na3 Nc6 10. Nc4 Qc7
11. Bxd6 Bxd6 12. Qxd6 Qe7 13. Qxe7+ Kxe7 14. Ne3 Rad8 15. Ne2 Rd7 16. Nf4 Rhd8 17. Bb5 a6 18. Bxc6 Rd2 19. Bd5 Rxb2 20. O-O-O Rb6
21. e5 Nxd5 22. Nfxd5+
1-0

[Event "Beth Harmon is nomraH hteB spelled backwards"]
[Site "SchemingMind.com"]
[Date "2021.01.29"]
[Round "-"]
[White "Daniel Dubé"]
[Black "The Stonewall"]
[Result "0-1"]
[WhiteCountry "CAN"]
[BlackCountry "ENG"]
[WhiteElo "1625"]
[WhiteRD "59"]
[BlackElo "2508"]
[BlackRD "75"]
[GameID "707552"]

1. e4 Nc6 2. Nf3 d6 3. d4 Nf6 4. Nc3 g6 5. Bd3 Bg7 6. h3 O-O 7. e5 dxe5 8. dxe5 Nd5 9. Bf4 Nxf4 10. Bf1 Nxe5
11. Nxe5 Bxe5 12. Qxd8 Rxd8 13. Bc4 Bxc3+ 14. bxc3 Nxg2+ 15. Kf1 Nf4 16. h4 Bf5 17. Rb1 Bxc2 18. Rc1 Rd2 19. Ke1 Rad8 20. Kf1 Rd1+
0-1

[Event "Beth Harmon is nomraH hteB spelled backwards"]
[Site "SchemingMind.com"]
[Date "2021.02.03"]
[Round "-"]
[White "The Stonewall"]
[Black "Servelión Graterol Hernández"]
[Result "0-1"]
[WhiteCountry "ENG"]
[BlackCountry "VEN"]
[WhiteElo "2422"]
[WhiteRD "73"]
[BlackElo "2568"]
[BlackRD "67"]
[GameID "707553"]

1. c4 e5 2. Nc3 Nf6 3. Nf3 Nc6 4. e3 Bb4 5. Qc2 Bxc3 6. Qxc3 Qe7 7. d4 Ne4 8. Qd3 exd4 9. Nxd4 O-O 10. Be2 Qb4+
11. Kf1 Qe7 12. f3 Nc5 13. Nxc6 dxc6 14. Qc3 Bf5 15. e4 Bg6 16. h4 h6 17. h5 Bh7 18. Bf4 f5 19. e5 Ne6 20. g3 c5
21. Rd1 b6 22. Kf2 Kh8 23. Qc1 Nd4 24. Rde1 a5 25. Bd1 Bg8 26. Be3 a4 27. Qc3 Rfd8 28. Rh4 Rd7 29. Kg2 a3 30. b3 Rad8
31. Bxd4 cxd4 32. Qd3 c6 33. Rf4 Be6 34. Kf2 b5 35. cxb5 cxb5 36. Qxb5 Rc7 37. Qb6 Qd7 38. Re2 Rc6 39. Qa5 Qc8 40. Rd2 d3
41. Ra4 Bg8 42. Rxa3 Rc5 43. Qa6 Qc7 44. Rxd3 Rxe5 45. b4 f4 46. gxf4 Rxh5 47. Qg6 Rh2+ 48. Kg1 Rb2 49. Rxd8 Qxd8 50. Bc2 Qc7
51. Ra5 Rxc2 52. Rc5 Rxc5 53. bxc5 Qxf4
0-1

[Event "Beth Harmon is nomraH hteB spelled backwards"]
[Site "SchemingMind.com"]
[Date "2021.01.30"]
[Round "-"]
[White "Servelión Graterol Hernández"]
[Black "The Stonewall"]
[Result "1-0"]
[WhiteCountry "VEN"]
[BlackCountry "ENG"]
[WhiteElo "2555"]
[WhiteRD "76"]
[BlackElo "2427"]
[BlackRD "70"]
[GameID "707554"]

1. Nf3 d5 2. d4 Nf6 3. c4 c6 4. Nc3 dxc4 5. a4 Bf5 6. Ne5 Nbd7 7. Nxc4 Qc7 8. g3 e5 9. dxe5 Nxe5 10. Bf4 Nfd7
11. Bg2 f6 12. O-O Rd8 13. Qc1 Be6 14. Ne4 Bb4 15. a5 O-O 16. Qc2 Qb8 17. b3 h6 18. Rfd1 a6 19. Rd4 Be7 20. Rad1 Nc5
21. e3 Nxe4 22. Bxe4 Qc7 23. Kg2 Kh8 24. h4 Bxc4 25. Qxc4 Rxd4 26. Rxd4 Bd6 27. Qe6 Bc5 28. h5 Qc8 29. Qxc8 Rxc8 30. Bxe5 fxe5
31. Rd7 Rb8 32. Bf5 Rf8 33. e4 Bb4 34. f4 Rb8 35. fxe5 Kg8 36. Bg6 Kf8 37. Rf7+ Kg8 38. e6
1-0